| 000 | 00485nam a2200169Ia 4500 | ||
|---|---|---|---|
| 008 | 210210b2001 xxu||||| |||| 00| 0 eng d | ||
| 020 | _a81 242 0204 4 | ||
| 082 | _a658.4 CUSO | ||
| 100 | _aCUSHWAY (Barry) LODGE (DEREK). | ||
| 245 | _aOrganisational behaviour and design. | ||
| 250 | _a | ||
| 260 |
_aNew Delhi. _bCrest Publishing House., _c2001 |
||
| 300 | _avii,228 | ||
| 650 | _aOrganisational Behaviour, Design, OB | ||
| 690 | _aOrganisational Behaviour | ||
| 906 | _a056404 | ||
| 999 |
_c104030 _d104030 |
||